000 00800nam a2200253 a 4500
999 _c1719
_d1719
001 1719
003 BD-JhCC
005 20171101084350.0
008 171023s1994 bg ||||| |||| 00| 0 ben d
020 _a9844100356
035 _a(BD-JhCC)1719
040 _aBD-JhCC
_dBD-JhCC
041 _aben
082 _a891.4409
_bAIU 1994
100 _aআইয়ুব, সালাহউদ্দীন
245 _aআধুনিকতা ও উত্তরাধুনিকতা /
_c সালাহউদ্দীন আইয়ুব
260 _aঢাকা :
_bমাওলা ব্রাদার্স,
_c1994.
300 _a159 P. :
_c21 cm.
650 _aBengali literature critical essays
650 _aModernism
650 _aPostmodernism
942 _2ddc
_cBK